书目信息 |
| 题名: |
乞力马扎罗的雪
|
|
| 作者: | 海明威 著 ;方华文 译 | |
| 分册: | ||
| 出版信息: | 南京 译林出版社 2016 |
|
| 页数: | 325页 | |
| 开本: | 23cm | |
| 丛书名: | ||
| 单 册: | ||
| 中图分类: | H319.4 , I712.45 | |
| 科图分类: | ||
| 主题词: | 英语--ying yu--汉语--对照读物 , 短篇小说--duan pian xiao shuo--小说集--美国--现代 | |
| 电子资源: | ||
| ISBN: | 978-7-5447-6386-8 | |
| 000 | 01602nam0 22003131 450 | |
| 001 | 1752595719 | |
| 005 | 20170602161309.0 | |
| 010 | @a978-7-5447-6386-8@dCNY49.80 | |
| 100 | @a20160711d2016 em y0chiy50 ea | |
| 101 | 2 | @achi@aeng@ceng |
| 102 | @aCN@b320000 | |
| 105 | @ay z 000ay | |
| 106 | @ar | |
| 200 | 1 | @a乞力马扎罗的雪@Aqi li ma za luo de xue@dSnows of Kilimanjaro@e海明威短篇小说选@f(美)欧内斯特·米勒·海明威著@g方华文译 |
| 210 | @a南京@c译林出版社@d2016 | |
| 215 | @a325页@d23cm@e1英文本(302页) | |
| 300 | @a双语译林 壹力文库 124 | |
| 312 | @a封面英文题名:The snows of Kilimanjaro | |
| 330 | @a本书被称为海明威艺术上*秀的作品之一,不称其为故事的故事通过睡梦中的和醒时的两股意识流,相互交叉,相互转化;充分地描写了“死”,反复地对“死”的描写采用象征手法。海明威的创作态度十分严肃,一贯反复地修改自己的作品。他喜爱马克·吐温并深受其影响。文体清秀、流畅明亮,这也是他语言艺术的风格。然而,最突出反映他创作特色的,还是作品中大多数人物都有颇带孤独感的内心独白,即长篇的心理描写,实际上也就是后来发展称为“意识流”的手法。从思想意义上看,他的人物或多或少地存在着悲观主义色彩,反映了他的世界观的局限。 | |
| 510 | 1 | @aSnows of Kilimanjaro@zeng |
| 517 | 1 | @a海明威短篇小说选@Ahai ming wei duan pian xiao shuo xuan |
| 606 | 0 | @a英语@Aying yu@x汉语@j对照读物 |
| 606 | 0 | @a短篇小说@Aduan pian xiao shuo@x小说集@y美国@z现代 |
| 690 | @aH319.4@v5 | |
| 690 | @aI712.45@v5 | |
| 701 | 0 | @c(美)@a海明威@Ahai ming wei@c(Hemingway, Ernest@f1899~1961)@4著 |
| 702 | 0 | @a方华文@Afang hua wen@f(1955.6~)@4译 |
| 801 | 0 | @aCN@bTANG WEI@c20170601 |
| 905 | @b0971988-92@dH319.4@e1842@f5 | |
| 乞力马扎罗的雪=Snows of Kilimanjaro:海明威短篇小说选/(美)欧内斯特·米勒·海明威著/方华文译.-南京:译林出版社,2016 |
| 325页;23cm+1英文本(302页) |
| 双语译林 壹力文库 124 |
| ISBN 978-7-5447-6386-8:CNY49.80 |
| 本书被称为海明威艺术上*秀的作品之一,不称其为故事的故事通过睡梦中的和醒时的两股意识流,相互交叉,相互转化;充分地描写了“死”,反复地对“死”的描写采用象征手法。海明威的创作态度十分严肃,一贯反复地修改自己的作品。他喜爱马克·吐温并深受其影响。文体清秀、流畅明亮,这也是他语言艺术的风格。然而,最突出反映他创作特色的,还是作品中大多数人物都有颇带孤独感的内心独白,即长篇的心理描写,实际上也就是后来发展称为“意识流”的手法。从思想意义上看,他的人物或多或少地存在着悲观主义色彩,反映了他的世界观的局限。 |
| ● |
| 相关链接 |
|
|
|
|
正题名:乞力马扎罗的雪
索取号:H319.4/1842
 
预约/预借
| 序号 | 登录号 | 条形码 | 馆藏地/架位号 | 状态 | 备注 |
| 1 | 0971988 | 209719884 | 第二样本阅览室/ [索取号:H319.4/1842] | 在馆 | |
| 2 | 0971989 | 209719893 | 第四借阅区/ [索取号:H319.4/1842] | 在馆 | |
| 3 | 0971990 | 209719900 | 第四借阅区/ [索取号:H319.4/1842] | 在馆 | |
| 4 | 0971991 | 209719919 | 第四借阅区/ [索取号:H319.4/1842] | 在馆 | |
| 5 | 0971992 | 209719928 | 第四借阅区/ [索取号:H319.4/1842] | 在馆 |